[Event "GER-ch U10 Girls"]
[Site "Willingen"]
[Date "2024.05.22"]
[Round "7"]
[White "Naz Oeksuez, Meryem"]
[Black "Seyedfakhari, Elena"]
[Result "0-1"]
[WhiteElo "1154"]
[BlackElo "1060"]
[PlyCount "60"]
[EventDate "2024.05.19"]
[EventType "swiss"]
[EventRounds "11"]
[EventCountry "GER"]
[SourceTitle "CBM 220 Extra"]
[Source "ChessBase"]
[SourceDate "2024.07.31"]
[SourceVersion "1"]
[SourceVersionDate "2024.07.31"]
[SourceQuality "1"]

1. e4 e5 2. Nf3 Nc6 3. Bc4 Bc5 4. 0-0 Nf6 5. c3 d6 6. d4 exd4 7. cxd4 Bb6 8. Bg5 h6 9. Bh4 Bg4 10. Nbd2 Nxd4 11. Qa4+ Qd7 12. Qxd7+ Nxd7 13. Nxd4 Bxd4 14. Nb3 Bxb2 15. Rab1 Be5 16. Na5 b6 17. Nc6 Bf6 18. Bxf6 Nxf6 19. Bb5 0-0 20. Ne7+ Kh8 21. f3 Be6 22. Rbc1 c5 23. Bc6 Rad8 24. f4 Bxa2 25. e5 dxe5 26. fxe5 Nd7 27. Rc2 Be6 28. Ra1 Nxe5 29. Rxa7 Ng4 30. h3 Rd1# 0-1